|
|
|
|
| LEADER |
01329ppm a22003018a 4500 |
| 001 |
00026974 |
| 005 |
20171026081022.0 |
| 008 |
110920s2010 ||||||viesd |
| 041 |
0 |
# |
|a vie
|
| 082 |
1 |
4 |
|a 338.409 597 89
|b CH305L
|
| 100 |
1 |
# |
|a Lê, Chế Linh
|
| 245 |
1 |
0 |
|a Chiến lược phát triển du lịch sinh thái vườn Quốc gia Tràm Chim - Tam Nông
|b Khóa luận tốt nghiệp : Ngành Văn hóa - Du lịch: Trình độ : Đại học
|c Lê Chế Linh; Võ Tiến Thành hướng dẫn
|
| 260 |
# |
# |
|a Đồng Tháp
|b Trường Đại học Đồng Tháp
|c 2010
|
| 300 |
# |
# |
|e 1 bản tóm tắt
|a 62 tr.
|c 30 cm.
|b minh họa, bảng
|
| 500 |
# |
# |
|a ĐTTTS ghi: Bộ Giáo dục và Đào tạo. Trường Đại học Đồng Tháp
|
| 502 |
# |
# |
|a Thư mục : Tr.62
|
| 504 |
# |
# |
|a Phụ lục : 6tr.
|
| 650 |
|
|
|z Tràm Chim - Tam Nông
|a Du lịch
|
| 653 |
# |
# |
|a Chiến lược
|
| 653 |
# |
# |
|a Du lịch sinh thái
|
| 653 |
# |
# |
|a Phát triển
|
| 700 |
1 |
# |
|a Võ, Tiến Thành
|e hướng dẫn
|
| 852 |
# |
# |
|b Kho đọc
|j KD.0011450, KD.0014004
|
| 852 |
# |
# |
|j KD.0011450
|j KD.0014004
|
| 910 |
# |
# |
|a Ntuyet
|d 20/09/2011
|
| 980 |
# |
# |
|a Trung tâm Học liệu Lê Vũ Hùng, Trường Đại học Đồng Tháp
|